Research techniques in nondestructive testing (Record no. 10103)

000 -LEADER
fixed length control field 00534nam a22002057a 4500
001 - CONTROL NUMBER
control field 10103
003 - CONTROL NUMBER IDENTIFIER
control field BD-DhUET
008 - FIXED-LENGTH DATA ELEMENTS--GENERAL INFORMATION
fixed length control field 150204b xxu||||| |||| 00| 0 eng d
020 ## - INTERNATIONAL STANDARD BOOK NUMBER
International Standard Book Number 0126390525
040 ## - CATALOGING SOURCE
Original cataloging agency DLC
Transcribing agency DLC
Modifying agency BD-DhUET
082 ## - DEWEY DECIMAL CLASSIFICATION NUMBER
Classification number 620.112
Item number SHA/n.d.
100 ## - MAIN ENTRY--PERSONAL NAME
Personal name Sharpe, R.S.
245 ## - TITLE STATEMENT
Title Research techniques in nondestructive testing
250 ## - EDITION STATEMENT
Edition statement 1st. ed.
260 ## - PUBLICATION, DISTRIBUTION, ETC. (IMPRINT)
Place of publication, distribution, etc. London
Name of publisher, distributor, etc. Acadamic press
Date of publication, distribution, etc. 1977
300 ## - PHYSICAL DESCRIPTION
Extent xii, 451p.
500 ## - GENERAL NOTE
General note Volume III
650 #0 - SUBJECT ADDED ENTRY--TOPICAL TERM
Topical term or geographic name as entry element Nondestructive testing -- Periodicals
942 ## - ADDED ENTRY ELEMENTS (KOHA)
Koha item type Edited Book
Holdings
Copy number Shelving location Koha normalized classification for sorting Koha date last seen Date acquired Price effective from Withdrawn status Location (home branch) Sublocation or collection (holding branch) Lost status Piece designation (barcode) Source of classification or shelving scheme Koha item type Koha full call number Damaged status Not for loan
1Circulation section620_112000000000000_SHA2015-02-042015-02-042015-02-04 Central Library, BUETCentral Library, BUET  56120  Edited Book620.112/SHA